000 00335nam a2200133Ia 4500
008 240624s9999 xx 000 0 und d
041 _aeng
082 _a823 DAS
100 _aROY TIRTHANKAR
245 _aEAST INDIA COMPANY THE WORLD S MOST POWE
260 _c2012
_aNew Delhi
_bPenguin India
300 _a268 : p.
365 _cRS
_b25
999 _c19243
_d19243